Save our shop : (Record no. 18039)
[ view plain ]
| 000 -LEADER | |
|---|---|
| fixed length control field | 01080 am a2200265ua 4500 |
| 001 - CONTROL NUMBER | |
| control field | 008790505 |
| 005 - DATE AND TIME OF LATEST TRANSACTION | |
| control field | 20140302114059.0 |
| 008 - FIXED-LENGTH DATA ELEMENTS--GENERAL INFORMATION | |
| fixed length control field | 870408s1987 xxko gr 001 0 eng d |
| 020 ## - INTERNATIONAL STANDARD BOOK NUMBER | |
| International Standard Book Number | 0851951422 (pbk) |
| 020 ## - INTERNATIONAL STANDARD BOOK NUMBER | |
| International Standard Book Number | 9780851951423 |
| 040 ## - CATALOGING SOURCE | |
| Original cataloging agency | Uk |
| Transcribing agency | Uk |
| 043 ## - GEOGRAPHIC AREA CODE | |
| Geographic area code | e-uk--- |
| 082 04 - DEWEY DECIMAL CLASSIFICATION NUMBER | |
| Classification number | 334.50941 |
| Edition number | 22 |
| Item number | BIR |
| 100 1# - MAIN ENTRY--PERSONAL NAME | |
| Personal name | Birchall, Johnston, |
| Dates associated with a name | 1951- |
| 9 (RLIN) | 35094 |
| 245 10 - TITLE STATEMENT | |
| Title | Save our shop : |
| Remainder of title | the fall and rise of the small co-operative store : a report / |
| Statement of responsibility, etc | by Johnston Birchall for the Society for Co-operative Studies ; with an introduction by R .L. Marshall. |
| 260 ## - PUBLICATION, DISTRIBUTION, ETC. (IMPRINT) | |
| Place of publication, distribution, etc | Manchester, United Kingdom : |
| Name of publisher, distributor, etc | Holyoake Books, |
| Date of publication, distribution, etc | 1987 |
| Manufacturer | (The Co-operative Press Limited) |
| 300 ## - PHYSICAL DESCRIPTION | |
| Extent | xiii, 109 p. : |
| Other physical details | photograph ; |
| Dimensions | 21cm. |
| 500 ## - GENERAL NOTE | |
| General note | Index : p. 106-109. |
| 650 #0 - SUBJECT ADDED ENTRY--TOPICAL TERM | |
| Topical term or geographic name as entry element | Consumer cooperatives |
| Geographic subdivision | Great Britain |
| 9 (RLIN) | 35096 |
| 653 ## - INDEX TERM--UNCONTROLLED | |
| Resource For college | BAEPS, Economics |
| Arrived date list | February2014 |
| 655 ## - INDEX TERM--GENRE/FORM | |
| Form subdivision | |
| -- | 34232 |
| 700 1# - ADDED ENTRY--PERSONAL NAME | |
| 9 (RLIN) | 35097 |
| Personal name | Marshall, R. L. |
| Dates associated with a name | 1936- |
| Relator term | author of introduction, etc. |
| Fuller form of name | (Rodney Leonard), |
| 710 2# - ADDED ENTRY--CORPORATE NAME | |
| Corporate name or jurisdiction name as entry element | Society for Co-operative Studies (Great Britain) |
| 9 (RLIN) | 35095 |
| 942 ## - ADDED ENTRY ELEMENTS (KOHA) | |
| Source of classification or shelving scheme | Dewey Decimal Classification |
| Call number prefix | 334.50941 BIR |
| Withdrawn status | Item status | Source of classification or shelving scheme | Damaged status | Not for loan | Vendor | Home library | Current library | Shelving location | Date acquired | Source of acquisition | Total Checkouts | Full call number | Barcode | Date last seen | Koha item type |
|---|---|---|---|---|---|---|---|---|---|---|---|---|---|---|---|
| Dewey Decimal Classification | Donation-Gift | Central Library | Central Library | First floor | 05/02/2014 | Donation | 334.50941 BIR | 000035593 | 15/07/2025 | Book - Borrowing |